| 000 -LEADER |
| fixed length control field |
00513nam a22001697a 4500 |
| 008 - FIXED-LENGTH DATA ELEMENTS--GENERAL INFORMATION |
| fixed length control field |
151021b xxu||||| |||| 00| 0 eng d |
| 020 ## - INTERNATIONAL STANDARD BOOK NUMBER |
| International Standard Book Number |
0691078793 |
| 041 0# - LANGUAGE CODE |
| Language code of text/sound track or separate title |
eng |
| 080 ## - UNIVERSAL DECIMAL CLASSIFICATION NUMBER |
| Universal Decimal Classification number |
141.82 |
| 100 1# - Rafti |
| Rafti |
Maier, Charles S. |
| 245 10 - TITLE STATEMENT |
| Title |
Dissolution : |
| Statement of responsibility, etc |
Charles S. Maier. |
| 260 ## - |
| -- |
Princeton, N.J. : |
| -- |
Princeton University Press, |
| -- |
1997. |
| 300 ## - |
| -- |
xx, 440 f. : |
| -- |
me il.; |
| -- |
25 cm. |
| 650 #0 - |
| -- |
Shkenca politike |
| 650 #0 - |
| -- |
Komunizmi |
| 942 ## - ADDED ENTRY ELEMENTS (KOHA) |
| Source of classification or shelving scheme |
|
| Item type |
Books |